000 00446nam a2200145 i 4500
001 72085
003 ES-MaACL
007 t|
008 040825s1974 sp ||||1| spa d
100 1 _aGil del Río, Alfredo.
_956807
245 1 0 _aLa Rioja desde sus albores con su influencia vasco-navarra /
_cAlfredo Gil del Río.
260 _a[Madrid :
_bs.n.,
_c1974]
300 _a289 p., 56 lám. :
_bil. ;
_c31 cm.
852 _aES-MaACL
_jE-5994
_bR.90628
999 _c72085
_d72085